000 00329nam a22001457a 4500
008 230502b ||||| |||| 00| 0 eng d
020 _a9780471679516
041 _aeng
080 _2EIGHTH EDITION
_a91
082 _a91BLI
100 _a19
101 _aGJEOGRAFI
245 _aHUMAN GEOGRAPHY
_cBLIJ.DE.J.H
942 _2udc
_cBK
999 _c59646
_d59646